000 01026cam a2200265 i 4500
003 SA-RiAUC
005 20260127122334.0
008 260125s1997 su g 00000 ara c
020 _a9960918157
040 _aSA-JeALM
_bara
_cSA-RiAUC
_erda
050 4 _b.J53 1997
082 0 4 _a252.2
_qSA-RiAUC
090 _a252.2
_bج ب ر
100 1 _aالجبرين، عبد الله بن عبد العزيز،
_d1378-1438 هجري
_eمؤلف.
245 1 0 _aحكم الصلاة داخل الكعبة المشرفة /
_cعبد الله بن عبد العزيز الجبرين.
250 _aالطبعة الأولى.
264 1 _aمكة المكرمة :
_bدار عالم الفوائد،
_c1998
300 _a80 صفحة ؛
_c24 سم
336 _aنص
_btxt
_2rdacontent
_3كتاب
337 _aبدون وسيط
_bn
_2rdamedia
650 7 _aالصلاة في جوف الكعبة
_2aucsh
650 7 _aالصلاة (فقه إسلامي)
_2aucsh
942 _2ddc
_cBOOK
_n0
949 _aSA-JeALM
_d260125
_uosman123
_n1
999 _c14178
_d14178